Maturujem z francúzštiny po novom. 2. diel /

Uloženo v:
Podrobná bibliografie
Hlavní autoři: Bírová, Jana (Autor), Meguenai, Leila (Autor)
Médium: Kniha
Jazyk:slovenština
francouzština
Vydáno: Bratislava : Vzdelávanie Don Bosca, 2006
Vydání:[1. vyd.]
Témata:
ISBN:8096937332
On-line přístup: Získat plný text
Tagy: Přidat tag
Žádné tagy, Buďte první, kdo vytvoří štítek k tomuto záznamu!

MARC

LEADER 00000nam a2200000 4500
003 SK-BrCVT
005 20220617225100.0
008 071017s2006 xo e ||||||slo d
020 |a 8096937332 
035 |a CVTIDW1425520 
040 |b slo  |a CVTI SR  |e AACR2 
041 0 |a slo  |a fre 
044 |a xo 
080 |a 804.0  |2 UDC-MRF 
080 |a 37  |2 UDC-MRF 
100 1 |a Bírová, Jana  |4 aut 
245 1 0 |a Maturujem z francúzštiny po novom.  |n 2. diel /  |c Jana Bírová ; autor videodialógov: Leila Meguenai 
250 |a [1. vyd.] 
260 |a Bratislava :  |b Vzdelávanie Don Bosca,  |c 2006 
300 |a 301 s. :  |b fotogr., obr., tab. +  |e 1 DVD-ROM 
653 1 |a francúzsky jazyk 
700 1 |a Meguenai, Leila  |4 aut 
910 |b A603380 
919 |a 80-969373-3-2 
974 |f Knihy 
992 |a APP 
999 |c 159433  |d 159433